Big 4 Never Made Championship Game Quiz Stats

 Plays Quiz Updated Jul 8, 2021

Support Sporcle.
Go Orange.
Score 0/16 Timer 03:00
4 Plays Today
Team % Correct
Cleveland Browns
80.4%
Houston Texans
74.1%
Jacksonville Jaguars
74%
Detroit Lions
73.8%
New Orleans Pelicans
59%
Charlotte Hornets
58.9%
Los Angeles Clippers
58.4%
Seattle Mariners
57.8%
Team % Correct
Memphis Grizzlies
53.5%
Minnesota Timberwolves
53.4%
Winnipeg Jets
52.2%
Columbus Blue Jackets
48.7%
Minnesota Wild
48%
Denver Nuggets
42.9%
Arizona Coyotes
42%
Seattle Kraken
40.6%

From the Vault

Lakers Retired Numbers

by rdkrauss

Sports 2m
If you struggle for answers, most of these guys have multiple appearances in other basketball quizzes.
Remove Ads.
Support Sporcle.
Get the best of Sporcle when you Go Orange. This ad-free experience offers more features, more stats, and more fun while also helping to support Sporcle. Thank you for becoming a member.

Show Comments

Extras

Top Quizzes Today


Score Distribution

Your Account Isn't Verified!

In order to create a playlist on Sporcle, you need to verify the email address you used during registration. Go to your Sporcle Settings to finish the process.

Report this User

Report this user for behavior that violates our Community Guidelines.

Details: